000 00787cac a2200253 a 4500
003 Co-PeBPM
005 20250228174706.0
008 231129e1994||||xx |||||||||||||| ||spa||
020 _a9586144003
040 0 _aCo-PeBPM
_bspa
_cCo-PeBPM
_erda
041 _aspa
082 0 4 _a070.449 M828e
_222
100 1 _aMorales Riveira, Antonio
_eAutor
245 1 0 _aExpediente censurado
_c/ Antonio Morales Riveira
260 _aBogotá, Colombia
_b: Editorial Presencia
_c, 1994
300 _a219 Páginas
_c; 14 Centímetros
500 _aIncluye Índice.
650 1 4 _2LEMB
_aColombia Condiciones Sociales.
650 1 4 _2LEMB
_aExpediente.
650 1 4 _2LEMB
_aProblemas Sociales.
650 1 4 _2LEMB
_aEnsayos, Conferencias.
650 1 4 _2LEMB
_aPrograma De Televisión.
942 _2ddc
_cBK
999 _c13790
_d13790